Развитие природы юго-восточной части острова Сахалин в голоцене (Запись № 11705586)

Подробности
000 -МАРКЕР
контрольное поле 01987nam0a2200361 4500
001 - ИДЕНТИФИКАТОР ЗАПИСИ
контрольное поле RU\NLR\BIBL_A\011441640
005 - ИДЕНТИФИКАТОР ВЕРСИИ
контрольное поле 20250626065634.0
010 ## - МЕЖДУНАРОДНЫЙ СТАНДАРТНЫЙ НОМЕР КНИГИ (ISBN)
Номер (ISBN) 5-7444-0710-3
035 ## - ДРУГИЕ СИСТЕМНЫЕ НОМЕРА
Идентификатор записи (NLR Aleph) 011441640
100 ## - ДАННЫЕ ОБЩЕЙ ОБРАБОТКИ
Данные общей обработки 20170720d1996 |||y0rusy50 ca
101 0# - ЯЗЫК РЕСУРСА
Язык текста, звукозаписи и т.д. русский
Язык резюме английский
102 ## - СТРАНА ПУБЛИКАЦИИ ИЛИ ПРОИЗВОДСТВА
Страна публикации Российская Федерация
105 ## - ПОЛЕ КОДИРОВАННЫХ ДАННЫХ: ТЕКСТОВЫЕ МАТЕРИАЛЫ, МОНОГРАФИЧЕСКИЕ
Кодированные данные о монографическом текстовом документе a z 000zy
200 1# - ЗАГЛАВИЕ И СВЕДЕНИЯ ОБ ОТВЕТСТВЕННОСТИ
Основное заглавие Развитие природы юго-восточной части острова Сахалин в голоцене
Параллельное заглавие The natural evolution in the south-eastern part of Sakhalin island in holocene
Первые сведения об ответственности Ю.А. Микишин, И.Г. Гвоздева
Последующие сведения об ответственности Дальневост. гос. ун-т, Береговой исслед. центр
Язык параллельного заглавия английский
210 ## - ПУБЛИКАЦИЯ, РАСПРОСТРАНЕНИЕ И ДР.
Место издания, распространения и т.д. Владивосток
Имя издателя, распространителя и т. д. Изд-во Дальневосточного университета
Дата издания, распространения и т.д. 1996
215 ## - ФИЗИЧЕСКАЯ ХАРАКТЕРИСТИКА
Специфическое обозначение материала и объем 130 с.
Другие сведения о физической характеристике ил.
Размеры 24
300 ## - ОБЩИЕ ПРИМЕЧАНИЯ
Текст примечания Авт. также на англ. яз.: Yu.A. Mikishin, I.G. Gvozdeva
300 ## - ОБЩИЕ ПРИМЕЧАНИЯ
Текст примечания Рез. на англ. яз.
320 ## - ПРИМЕЧАНИЯ О НАЛИЧИИ В ДОКУМЕНТЕ БИБЛИОГРАФИИ / УКАЗАТЕЛЯ
Текст примечания Библиогр.: с. 125-129
510 1# - ПАРАЛЛЕЛЬНОЕ ЗАГЛАВИЕ
Связь между полями z48790
Параллельное заглавие The natural evolution in the south-eastern part of Sakhalin island in holocene
Язык заглавия английский
606 1# - НАИМЕНОВАНИЕ ТЕМЫ КАК ПРЕДМЕТ
Наименование темы Голоценовые отложения
Тематический подзаголовок Палеогеография
Географический подзаголовок Сахалин, остров (Охотское море)
Системный номер авторитетной/нормативной записи 2334194
Идентификатор авторитетной/нормативной записи RU\NLR\AUTH\6601619626
686 1# - ИНДЕКСЫ ДРУГИХ КЛАССИФИКАЦИЙ
Индекс Д432.723-9(2Р55-4Сах,993)
700 #1 - ИМЯ ЛИЦА - ПЕРВИЧНАЯ ОТВЕТСТВЕННОСТЬ
Графика поля Кириллица
Материалы, к которым относится поле rus
Начальный элемент ввода Микишин
Часть имени, кроме начального элемента ввода Ю. А.
Расширение инициалов личного имени Юрий Анатольевич
Системный номер авторитетной/нормативной записи 176012
Идентификатор авторитетной/нормативной записи RU\NLR\AUTH\770176063
701 #1 - ИМЯ ЛИЦА - АЛЬТЕРНАТИВНАЯ ОТВЕТСТВЕННОСТЬ
Графика поля Кириллица
Материалы, к которым относится поле rus
Начальный элемент ввода Гвоздева
Часть имени, кроме начального элемента ввода И. Г.
Дополнения к именам, кроме дат геолог
Расширение инициалов личного имени Ирина Георгиевна
Системный номер авторитетной/нормативной записи 176015
Идентификатор авторитетной/нормативной записи RU\NLR\AUTH\770176066
790 #1 - ИМЯ ЛИЦА - АЛЬТЕРНАТИВНАЯ ФОРМА
Графика поля Латинская
Материалы, к которым относится поле rus
Начальный элемент ввода Mikišin
Часть имени, кроме начального элемента ввода Ju. A.
Расширение инициалов личного имени Jurij Anatol'evič
Системный номер авторитетной/нормативной записи 176013
Идентификатор авторитетной/нормативной записи RU\NLR\AUTH\770176064
790 #1 - ИМЯ ЛИЦА - АЛЬТЕРНАТИВНАЯ ФОРМА
Графика поля Латинская
Материалы, к которым относится поле rus
Начальный элемент ввода Gvozdeva
Часть имени, кроме начального элемента ввода I. G.
Дополнения к именам, кроме дат геолог
Расширение инициалов личного имени Irina Georgievna
Системный номер авторитетной/нормативной записи 176016
Идентификатор авторитетной/нормативной записи RU\NLR\AUTH\770176067
852 ## - МЕСТОНАХОЖДЕНИЕ И ШИФР ХРАНЕНИЯ
Идентификатор организации NLR
Шифр хранения (Call Number) 98-7/834
852 ## - МЕСТОНАХОЖДЕНИЕ И ШИФР ХРАНЕНИЯ
Идентификатор организации NLR
Шифр хранения (Call Number) 98-7/96
942 ## - ДОПОЛНИТЕЛЬНЫЕ ЭЛЕМЕНТЫ ЗАПИСИ (АБИС)
Тип экземпляра АБИС Книга
980 ## - КОЛЛЕКЦИЯ
Название коллекции Национальная библиография

Нет доступных экземпляров.